000 00350nam a2200133Ia 4500
008 151213s9999 xx 000 0 und d
100 _aJuseph Bristo
245 _aHarvester new reading : Robert Browning
_cJuseph Bristo
260 _aNew York
_bHervester
_c1991
300 _a1876 p.
650 _aEnglish
700 _aJuseph Bristo
999 _c1381
_d1381